Statistics for 1996 year quiz

Click here to take the quiz!

General Stats

  • This quiz has been taken 64 times
  • The average score is 6 of 10

Answer Stats

HintAnswer% Correct
British scientists clone this animalSheep
95%
This bearded group seizes the Afghan capitalTaliban
84%
Over 100 civilians killed in a UN compound in Lebanon in shelling by this countryIsrael
66%
This group lets off a bomb in London's Canary Wharf financial districtThe Irish Republican Army
64%
The bloody siege of this Bosnian city endsSarajevo
63%
Edinburgh meets heroin in this box office hitTrainspotting
61%
This 'Queen of Jazz' diesElla Fitzgerald
55%
Indian government renames the city of Madras as whatChennai
50%
This future Spiderman is bornTom Holland
45%
This US athlete breaks records to win 200m and 400m Olympic goldsMichael Johnson
38%

Score Distribution

Percentile by Number Answered

Percent of People with Each Score

Your Score History

You have not taken this quiz